Nové techniky spracovania optických signálov v optickom bezdrôtovom médiu
Uložené v:
| Hlavný autor: | |
|---|---|
| Ďalší autori: | |
| Médium: | Rukopis Kniha |
| Jazyk: | Slovak |
| Vydavateľské údaje: |
Bratislava :
STU v Bratislave FEI,
2025
|
| Predmet: | |
| On-line prístup: | https://opac.crzp.sk/?fn=detailBiblioFormChildI6ACH&sid=8D80AD18777FCC7F65B3B64DC29E&seo=CRZP-detail-kniha |
| Tagy: |
Žiadne tagy, Buďte prvý, kto otaguje tento záznam!
|
MARC
| LEADER | 00000ntm a22000003a 4500 | ||
|---|---|---|---|
| 001 | stuzp102107 | ||
| 003 | SK-STU | ||
| 005 | 20260206104415.2 | ||
| 007 | ta | ||
| 008 | 150427s2015----xo-----f-mn---000-0-slo-d | ||
| 040 | |a STU |b slo | ||
| 041 | 0 | |a slo | |
| 044 | |a xo | ||
| 100 | 1 | |a Vapnár, Radoslav |u 037000 |4 aut |U FEI Fakulta elektrotechniky a informatiky |T FEI Ústav multimediálnych informačných a komunikačných technológií |X 120616 |U E070 |Y 818 |7 120616 | |
| 242 | 0 | 1 | |a New Processing Techniques of Optical Signals in the Optical Wireless Medium |y eng |
| 245 | 1 | 0 | |a Nové techniky spracovania optických signálov v optickom bezdrôtovom médiu |
| 260 | |a Bratislava : |b STU v Bratislave FEI, |c 2025 | ||
| 300 | |a 52 s. | ||
| 650 | 4 | |a GFDM |2 slo | |
| 650 | 4 | |a UFMC |2 slo | |
| 650 | 4 | |a BER |2 slo | |
| 650 | 4 | |a Q faktor |2 slo | |
| 650 | 4 | |a Matlab |2 slo | |
| 650 | 4 | |a FSO |2 slo | |
| 650 | 4 | |a FSO |2 eng | |
| 650 | 4 | |a bit error rate |2 eng | |
| 650 | 4 | |a Q factor |2 eng | |
| 650 | 4 | |a GFDM |2 eng | |
| 650 | 4 | |a UFMC |2 eng | |
| 650 | 4 | |a Matlab |2 eng | |
| 700 | 1 | |a Róka, Rastislav |u 037000 |k Z1 |4 ths |U FEI Fakulta elektrotechniky a informatiky |T FEI Ústav multimediálnych informačných a komunikačných technológií |X 1946 |U E070 |Y 818 |7 A000001946 | |
| 856 | 4 | |u https://opac.crzp.sk/?fn=detailBiblioFormChildI6ACH&sid=8D80AD18777FCC7F65B3B64DC29E&seo=CRZP-detail-kniha | |